01117nam a22003017i 4500003000900000005001700009008004100026020001500067040003800082082002300120092000700143099003100150100002600181245004900207264004400256300002400300336002400324337002800348338004300376504005300419546002400472650004400496856005700540905000700597942001900604999001700623952017500640EG-GICUC20260121101651.0260106s1994 be ||||fr|||| 00|10 fre dd a2802709003 aEG-GiCUCcEG-GiCUCdEG-GiCUCeRda04221a341.33bSA . M04221 aLaw1 11 341.33 SA . M 19941 aSalmon, Jean.eAuteur10aManuel De Droit Diplomatique /cJean Salmon. 1aBelgique-Bruxelles :bBruylant،c1994. a678 page ;c24 cm. 2rda contenua texte 2rda mediasaOrdinateur 2 transporteur rdaa Ressource en ligne aIncludes bibliographical references and indexes. aTexte en français14aDiplomatie xDroit international public40uhttps://fll.law.cu.edu.eg/fulltext/bks/B11-06831.pdf a75 2ddccBKe21n0 c54758d54758 00102ddc40718القانون الدولي العامaCUbLAW1d2026-01-06l0oLaw1 11 341.33 SA . M 1994 1106831 C1pB11-06831r2026-01-06 08:33:32t1w2026-01-06yBK